000 00720nam a2200205Ia 4500
003 IN-BaIIA
008 211028s9999 xx 000 0 eng d
020 _a0-8243-0920-0
040 _cIIA Library
080 _a047.1:52
_bARA-20
245 0 _aAnnual review of astronomy and astrophysics
_bvol. 20
_cedited by G. Burbridge, D. Layzer and Phillips J. D.
260 _aPalo Alto
_bAnnual Reviews
_c1982
300 _a631p
650 _aAnnual Reviews-Astronomy and Astrophysics
_98535
650 _aAstronomy and Astrophysics Thesaurus
700 _aBurbridge, G., ed.
_912388
700 _aLayzer, D., ed.
_94748
700 _aPhillips, J. D., ed.
_912389
942 _cBK
999 _c7238
_d7238